000 00287nam a22001337a 4500
008 170216b xxu||||| |||| 00| 0 eng d
020 _a9780071416139
041 _aeng
080 _26 ED
_a615
100 _a5
101 _aSHF
245 _aPHARAMACOTHERAPY
_cDIPIRO.T
942 _2udc
_cBK
999 _c5719
_d5719